Zvyšujte výkon firemních procesů
Business performance management (BPM) - zameraný na optimalizáciu chodu firmy a teda aj na jej výkonnosť.Optimalizácia procesov ako priorita súčasnosti. Procesy Business intelligence (BI) - zmena dát na informácie a ich využívanie pri rozhodovaní. Definovanie a sledovanie výkonnostných cieľov. Elimi...
Enregistré dans:
| Auteur principal: | |
|---|---|
| Format: | Chapitre de livre |
| Langue: | tchèque |
| Sujets: | |
| Tags: |
Pas de tags, Soyez le premier à ajouter un tag!
|
MARC
| LEADER | 00000naa$a2200000$$$4500 | ||
|---|---|---|---|
| 001 | 0107384 | ||
| 005 | 20231129092758.0 | ||
| 041 | 0 | |a cze | |
| 044 | |a CZ | ||
| 245 | 1 | 0 | |a Zvyšujte výkon firemních procesů |c Ľuboslav Lacko |
| 520 | |a Business performance management (BPM) - zameraný na optimalizáciu chodu firmy a teda aj na jej výkonnosť.Optimalizácia procesov ako priorita súčasnosti. Procesy Business intelligence (BI) - zmena dát na informácie a ich využívanie pri rozhodovaní. Definovanie a sledovanie výkonnostných cieľov. Eliminácia rizík. Odlíšiť sa od konkurencie. | ||
| 610 | 2 | 0 | |a manažment |
| 610 | 2 | 0 | |a riadenie podnikové |
| 610 | 2 | 0 | |a procesy podnikové |
| 610 | 2 | 0 | |a systémy informačné podnikové |
| 610 | 2 | 0 | |a technológie informačné |
| 610 | 2 | 0 | |a optimalizácia |
| 610 | 2 | 0 | |a informácie |
| 100 | 1 | |a Lacko, Ľuboslav | |